Countries on the Arabian Plate - Statistics

General Stats
  • This quiz has been taken 95 times
  • The average score is 15 of 17
Answer Stats
Answer % Correct
Iran
99%
Iraq
99%
Yemen
99%
Oman
98%
Qatar
96%
Saudi Arabia
95%
United Arab Emirates
95%
Jordan
94%
Bahrain
92%
Syria
92%
Kuwait
90%
Lebanon
89%
Israel
87%
Turkey
83%
Somalia
71%
Djibouti
67%
Eritrea
67%
No matching quizzes found
Score Distribution
Percent of People with Each Score
Percentile by Number Answered
Your Score History
You have not taken this quiz